<?xml version="1.0" encoding="UTF-8"?>
<record
    xmlns:xsi="http://www.w3.org/2001/XMLSchema-instance"
    xsi:schemaLocation="http://www.loc.gov/MARC21/slim http://www.loc.gov/standards/marcxml/schema/MARC21slim.xsd"
    xmlns="http://www.loc.gov/MARC21/slim">

  <leader>01071nam a2200229 a 4500</leader>
  <controlfield tag="005">20250820131402.0</controlfield>
  <datafield tag="020" ind1=" " ind2=" ">
    <subfield code="a">0073224804 (hardcover)</subfield>
  </datafield>
  <datafield tag="020" ind1=" " ind2=" ">
    <subfield code="a">9780073224800 (hardcover)</subfield>
  </datafield>
  <datafield tag="082" ind1=" " ind2=" ">
    <subfield code="a">570 LIF</subfield>
  </datafield>
  <datafield tag="100" ind1="1" ind2=" ">
    <subfield code="a">Lewis, Ricki</subfield>
    <subfield code="9">683</subfield>
  </datafield>
  <datafield tag="245" ind1="1" ind2="0">
    <subfield code="a">Life /</subfield>
  </datafield>
  <datafield tag="250" ind1=" " ind2=" ">
    <subfield code="a">6th ed.</subfield>
  </datafield>
  <datafield tag="260" ind1=" " ind2=" ">
    <subfield code="a">[S.l.] :</subfield>
    <subfield code="b">McGraw-Hill Science/Engineering/Math,</subfield>
    <subfield code="c">2006.</subfield>
  </datafield>
  <datafield tag="300" ind1=" " ind2=" ">
    <subfield code="a">1012 p. ;</subfield>
  </datafield>
  <datafield tag="520" ind1=" " ind2=" ">
    <subfield code="a">Classroom concepts "come to life" with this exciting new edition of Life by Lewis, Parker, Gaffin and Hoefnagels. For over 15 years, Life has been known for its ability to weave together solid biology content with interesting stories, real-life case studies and applications to student life. The sixth edition offers the depth of content, pedagogical organization, accuracy and visual appeal to serve both majors and non-majors biology students.</subfield>
  </datafield>
  <datafield tag="650" ind1=" " ind2=" ">
    <subfield code="a">life</subfield>
    <subfield code="9">684</subfield>
  </datafield>
  <datafield tag="700" ind1="1" ind2=" ">
    <subfield code="a">Parker, Bruce.</subfield>
    <subfield code="9">685</subfield>
  </datafield>
  <datafield tag="700" ind1="1" ind2=" ">
    <subfield code="a">Gaffin, Douglas.</subfield>
    <subfield code="9">686</subfield>
  </datafield>
  <datafield tag="700" ind1="1" ind2=" ">
    <subfield code="a">Hoefnagels, Marielle.</subfield>
    <subfield code="9">687</subfield>
  </datafield>
  <datafield tag="856" ind1="4" ind2="0">
    <subfield code="u">http://www.amazon.com/exec/obidos/ASIN/0073224804/chopaconline-20</subfield>
  </datafield>
  <datafield tag="942" ind1=" " ind2=" ">
    <subfield code="c">BK</subfield>
  </datafield>
  <datafield tag="999" ind1=" " ind2=" ">
    <subfield code="c">1610</subfield>
    <subfield code="d">1610</subfield>
  </datafield>
  <datafield tag="952" ind1=" " ind2=" ">
    <subfield code="0">0</subfield>
    <subfield code="1">0</subfield>
    <subfield code="7">0</subfield>
    <subfield code="8">NFIC</subfield>
    <subfield code="a">IC</subfield>
    <subfield code="b">IC</subfield>
    <subfield code="c">FIC</subfield>
    <subfield code="d">2015-07-19</subfield>
    <subfield code="l">1</subfield>
    <subfield code="o">570 LIF</subfield>
    <subfield code="p">003483</subfield>
    <subfield code="r">2022-11-17 00:00:00</subfield>
    <subfield code="s">2015-07-19</subfield>
    <subfield code="w">2015-07-19</subfield>
    <subfield code="y">BK</subfield>
  </datafield>
</record>
